000 00445nam a2200157Ia 4500
008 210210b1969 xxu||||| |||| 00| 0 eng d
082 _a954 RADC
100 _aRADHAKRISHNAN (Sarvapalli).
245 _aCulture heritage of India. Vol 4. the religions. Rev Ed 2.
250 _a
260 _aCalcutta.
_bThe Ramakrishna Mission, Institute of Culture.,
_c1969
300 _axix,775
440 _a4
690 _aIndian History
906 _a028805
999 _c80041
_d80041